000 00765nam a2200193 i 4500
001 182374
003 ES-MaACL
005 20250629063151.0
008 130807s1955 sp |||| | spa d
100 1 _aTovar, Antonio,
_d1911-1985
_9111167
245 1 0 _aCantabria prerromana
_b: o lo que la lingüística nos enseña sobre los antiguos cántabros / Antonio Tovar.
260 _aMadrid :
_bPublicaciones de la Universidad Internacional "Menéndez Pelayo",
_c1955.
300 _a46 p. ;
_c18 cm.
650 4 _aNombres geográficos-
_zEspaña.
_915584
651 4 _aEspaña-
_xLenguas-
_yHasta S.V.
_98383
710 2 _aUniversidad Internacional Menéndez Pelayo.
_97384
852 _aES-MaACL
_j2320-F-8
_z- Ejemplar fotocopiado
999 _c182374
_d182374